000 00265nam a2200109Ia 4500
008 230907s9999||||xx |||||||||||||| ||und||
082 _a621.3
_bADV
245 0 _aAdvanced solutions in power systems :
260 _c2016
300 _axxvi,1042 pages ;
942 _cBK
999 _c598645
_d598645